[Event "COL-ch (Women)"]
[Site "Ibague"]
[Date "2013.07.07"]
[Round "9"]
[White "Velez, Laura Camila"]
[Black "Pachon Gutierrez, Adriana Paola"]
[Result "0-1"]
[WhiteElo "1774"]
[BlackElo "2033"]
[PlyCount "62"]
[EventDate "2013.07.01"]
[EventType "swiss"]
[EventRounds "9"]
[EventCountry "COL"]
[SourceTitle "EXT 2014"]
[Source "ChessBase"]
[SourceDate "2013.11.20"]
[SourceVersion "1"]
[SourceVersionDate "2013.11.20"]
[SourceQuality "1"]

1. e4 e5 2. Nf3 Nc6 3. Bb5 a6 4. Bxc6 dxc6 5. d4 exd4 6. Qxd4 b5 7. Be3 Qxd4 8. Nxd4 c5 9. Ne2 Nf6 10. f3 Bb7 11. Nd2 Bd6 12. Kf2 0-0 13. c4 Nd7 14. Nb3 Rae8 15. Na5 Ba8 16. g4 Ne5 17. Rhd1 Bxe4 18. fxe4 Nxg4+ 19. Kf3 Nxh2+ 20. Kg2 Rxe4 21. Rxd6 cxd6 22. Kxh2 Rxe3 23. Nc3 b4 24. Nd5 Re2+ 25. Kg3 Rxb2 26. Nb7 Rc2 27. Ne7+ Kh8 28. Nxd6 g6 29. Kf4 Kg7 30. Ke5 Re2+ 31. Ne4 Re8 0-1

[Event "COL-ch (Women)"]
[Site "Ibague"]
[Date "2013.07.05"]
[Round "7"]
[White "Velez, Laura Camila"]
[Black "Herrera, Milena"]
[Result "0-1"]
[WhiteElo "1774"]
[BlackElo "2119"]
[PlyCount "134"]
[EventDate "2013.07.01"]
[EventType "swiss"]
[EventRounds "9"]
[EventCountry "COL"]
[SourceTitle "EXT 2014"]
[Source "ChessBase"]
[SourceDate "2013.11.20"]
[SourceVersion "1"]
[SourceVersionDate "2013.11.20"]
[SourceQuality "1"]

1. e4 c5 2. Nf3 e6 3. d4 cxd4 4. Nxd4 a6 5. c4 Nf6 6. Nc3 Bb4 7. Bd3 Qc7 8. 0-0 0-0 9. h3 Re8 10. a3 Be7 11. Be3 d6 12. Qd2 b6 13. f3 Nbd7 14. Qf2 Bb7 15. Rac1 Rac8 16. Rfd1 Qb8 17. Bf1 Bd8 18. b4 Bc7 19. Na4 d5 20. exd5 exd5 21. c5 Bg3 22. Qd2 Nh5 23. Ne2 Bh2+ 24. Kh1 b5 25. Nac3 Ne5 26. Bg1 Bxg1 27. Kxg1 Nc4 28. Qg5 Re5 29. Qh4 Nf6 30. Nf4 Ne3 31. Rd2 d4 32. Nd1 Nf5 33. Qf2 Re3 34. Nd3 Qa8 35. Be2 Rce8 36. g4 Bxf3 37. Nxe3 dxe3 38. Qxf3 exd2 39. Rd1 Qxf3 40. Bxf3 Nd4 41. Bb7 Ne4 42. Bxe4 Rxe4 43. c6 Nxc6 44. Rxd2 f6 45. Nc5 Re3 46. Rd3 Rxd3 47. Nxd3 Kf7 48. Nc5 a5 49. Ne4 axb4 50. axb4 Ke6 51. Nc3 Nd4 52. Kf2 Ke5 53. Ke3 g6 54. h4 f5 55. h5 f4+ 56. Kf2 g5 57. Kg2 f3+ 58. Kf2 Kf4 59. Nd5+ Kxg4 60. Nf6+ Kh4 61. h6 g4 62. Ne4 Kh3 63. Ng5+ Kh2 64. Ne4 Nf5 65. Nc3 g3+ 66. Kxf3 g2 67. Ne2 Nd4+ 0-1

[Event "COL-ch (Women)"]
[Site "Ibague"]
[Date "2013.07.02"]
[Round "2"]
[White "Ocampo Garcia, Derly Gineth"]
[Black "Velez, Laura Camila"]
[Result "0-1"]
[WhiteElo "1862"]
[BlackElo "1774"]
[PlyCount "122"]
[EventDate "2013.07.01"]
[EventType "swiss"]
[EventRounds "9"]
[EventCountry "COL"]
[SourceTitle "EXT 2014"]
[Source "ChessBase"]
[SourceDate "2013.11.20"]
[SourceVersion "1"]
[SourceVersionDate "2013.11.20"]
[SourceQuality "1"]

1. e4 c6 2. Nf3 d5 3. exd5 cxd5 4. d4 Nf6 5. Nc3 e6 6. a3 Nc6 7. Bb5 a6 8. Bxc6+ bxc6 9. Ne5 Bb7 10. Ne2 Be7 11. c4 dxc4 12. Nxc4 0-0 13. 0-0 c5 14. dxc5 Bxc5 15. Qxd8 Rfxd8 16. Bg5 Be4 17. Bxf6 gxf6 18. Ng3 Bd3 19. Rfc1 Bd4 20. Ra2 Rac8 21. b3 Rb8 22. Nd2 Rdc8 23. Rxc8+ Rxc8 24. Ndf1 Rc3 25. b4 Bc4 26. Rd2 Be5 27. Ne3 Rc1+ 28. Ngf1 Bb5 29. g3 Ra1 30. Kg2 Rxa3 31. Nc2 Rd3 32. Rxd3 Bxd3 33. Nfe3 Bc3 34. Kf3 Kf8 35. Nd1 Bd2 36. Nde3 Ke8 37. Kg4 Kd7 38. Kh5 Bxe3 39. Nxe3 Kc6 40. Kh6 Kb5 41. Kg7 Kxb4 42. Kxf7 a5 43. Kxe6 a4 44. Kd5 a3 45. Kd4 Be4 46. Kxe4 Kc3 47. Nd5+ Kb3 48. Nxf6 a2 49. Nxh7 a1Q 50. Ng5 Qh1+ 51. Nf3 Qb1+ 52. Kf4 Qc1+ 53. Ke4 Qc2+ 54. Ke3 Qc3+ 55. Ke2 Kc4 56. Nd2+ Kd4 57. Nf3+ Kd5 58. Nd2 Qe5+ 59. Kd3 Qf5+ 60. Ke2 Qh5+ 61. Ke3 Qxh2 0-1